The Vicar of Dibley - Statistics

General Stats
  • This quiz has been taken 79 times
  • The average score is 9 of 15
Answer Stats
Hints Answer % Correct
What is the first name of the title character? Geraldine
100%
What does the vicar (reluctantly) agree to give up for lent? Chocolate
84%
In which year was the first episode originally broadcast? 1994
83%
The stained glass window destroyed in the 1994 storm depicted which Biblical character? Noah
72%
Tristan Campbell visits the village to oversee the filming of an episode of which TV programme? Songs of Praise
71%
The vicar lets fame go to her head after speaking on whose BBC Radio show? Terry Wogan
67%
What is the name of Alice’s cousin, who is asked to open the village fête? Reg Dwight
65%
What is the name of the church in the programme? Saint Barnabus
58%
In which English county is the village of Dibley? Oxfordshire
51%
What is Frank’s surname? Pickle
51%
Who created and wrote the series, along with Paul Mathew-Archer? Richard Curtis
51%
Who won a Best TV Comedy Actress Award at the British Comedy Awards for her role in the show? Emma Chambers
39%
Whose is the only name, other than Dawn French, to regularly appear in the title credits? Gary Waldhorn
35%
In which century was the church built? The Fourteenth Century (1348)
35%
The theme music by Howard Goodall is a setting of which psalm? Psalm 23
33%
No matching quizzes found
Score Distribution
Percent of People with Each Score
Percentile by Number Answered
Your Score History
You have not taken this quiz